{"text_format":"2","workbook":"xlsx","n_sheets":1,"sheets":["Especificações 2020"],"not_rendered":{"charts":0,"images":2,"macros":0,"external_links":0,"defined_names":23,"comments":0,"pivot_tables":0},"unopened":[],"bounds":{"document_bytes":16777216,"sheet_cells":100000,"run_cost":"one","rows_first":2000,"rows_last":500,"rows_between":2000,"halvings":0,"cell_chars":16384,"cell_head_chars":4096},"cells_cut":0,"cells_raw":0,"read":"whole","date_system":"1900"}

{"sheet":"Especificações 2020","index":0,"n_rows":18,"n_cols":7,"rows_kept":18,"cut":false,"hidden":false,"merged":[[3,0,3,6],[5,0,5,6],[6,0,6,6],[16,0,16,1]]}
[]
[]
[]
[" ANEXO II"]
[]
["PLANILHA DE ESPECIFICAÇÕES, QUANTITATIVOS E PREÇOS MÁXIMOS"]
["A - Equipamentos e materiais permanente"]
[]
["Item","CATMAT","Descrição do Produto - Especificação Técnica","Unidade","Quant. Máxima Anual","Valor Unitário Máximo (R$)","Valor Total (R$)"]
[1,19607,"Barraca para feira livre completa - formada por estrutura tubular cilíndrica desmontável (sem parafuso), com no mínimo 25mm de diâmetro e 1,0mm de espessura das paredes; dimensões mínimas de 2,00m (frente) x 1,50m (lateral) x 2,00m (pé direito), com espaços da união dos tubos fechados com soldagem eletrônica; bancada superior posicionada a 0,85 de altura do solo, confeccionada em metalon com dimensões mínimas de 25 x 25mm e 1,0mm de espessura das paredes, medindo 0,70m (largura) x 2,00m (comprimento), com divisões de metalon em três partes iguais de seu comprimento; parte inferior formada por tela galvanizada com espessura mínima de 2mm e 3,0cm distância máxima entre os fios, fixada no metalon com soldagem eletrônica com no máximo 10cm de distância entre as soldas; sistema de travamento na estrutura para mantê-la firme quando utilizada; aplicação de base com proteção antiferrugem e pintura industrial na cor prata em toda estrutura; cobertura em duas águas e beiral frontal com no mínimo 50cm de proteção na parte superior; cobertura completa, frente e laterais na altura da bancada com lonas antichamas, laminada sintética a base de PVC e trama interna em nylon, com espessura mínima de 0,4mm, com sistema de fixação das lonas nas ferragens; listradas horizontais nas cores azuis e brancas, dispostas verticalmente na cobertura e horizontalmente na frente e laterais; impressão digital da logomarca da Codevasf ou com soldagem eletrônica, na parte superior frontal da lona inferior, escrita da seguinte forma: \"DOAÇÃO\" seguida pela logomarca \"CODEVASF\" conforme instruções para utilização da Logomarca da Codevasf de 22/05/2012. Nos espaços não utilizados com a logomarca manter listras horizontais completas nas cores azul e branca; disponibilizar sacola em lona encerada para transporte das lonas de cobertura, frente e laterais, e saco com sistema de fechamento para o transporte das ferragens após a desmontagem da estrutura.","und.",1000,849.5,{"$f":"E10*F10","v":849500}]
[2,19607,"Cota para ME/EPP do item 1","und.",1,849.5,{"$f":"F11*E11","v":849.5}]
[3,150905,"Tenda de 36m² completa - tipo pirâmide, proporções mínimas 6 x 6 x 2,5 m (largura x comprimento x altura), fabricada com estrutura metálica de alta resistência, soldada eletronicamente; montagem através de sistema de encaixe de pinos e/ou parafusos e travas. Kit de fixação da tenda ao solo através de estacas e cabos. Pintura na cor prata com base de proteção antiferrugem. Cobertura composta por lona vinílica de alta resistência ou superior na cor branca, com retenção total da luz solar (blackout), espessura mínima de 0,4 mm, trama interna em nylon, impermeável, com tratamento especial e revestimento sintético; proteção antichamas, antimofo e contra raios UV; sistema de fixação da lona nas ferragens. Deverá possuir logomarca da Codevasf nas bordas da lona, em seus quatro lados, com soldagem eletrônica ou impressão digital direto na lona, escrita da seguinte forma: \"DOAÇÃO\" seguida pela logomarca \"CODEVASF\" conforme instruções para utilização da Logomarca da CODEVASF de 22/05/2012. A lona e as ferragens menores da estrutura deverão possuir sacos para acondicionamento após a desmontagem. Todos materiais que compõe o equipamento deverão atender às normas de segurança do corpo de bombeiros. Disponibilizar manual de instruções para a montagem dos equipamentos.","und.",150,4569.25,{"$f":"F12*E12","v":685387.5}]
[4,150905,"Cota para ME/EPP do item 3","und.",1,4569.25,{"$f":"F13*E13","v":4569.25}]
[5,150905,"Tenda de 64m² completa - tipo pirâmide, proporções mínimas 8 x 8 x 3 m (largura x comprimento x altura), fabricada com estrutura metálica de alta resistência, soldada eletronicamente. Montagem através de sistema de encaixe de pinos e/ou parafusos e travas. Kit de fixação da tenda ao solo através de estacas e cabos. Pintura na cor prata com base de proteção antiferrugem. Cobertura composta por lona vinílica de alta resistência ou superior na cor branca, com retenção total da luz solar (blackout), espessura mínima de 0,4 mm, trama interna em nylon, impermeável, com tratamento especial e revestimento sintético; proteção antichamas, antimofo e contra raios UV; sistema de fixação da lona nas ferragens. Deverá possuir logomarca da Codevasf nas bordas da lona, em seus quatro lados, com soldagem eletrônica ou impressão digital direto na lona, escrita da seguinte forma: \"DOAÇÃO\" seguida pela logomarca \"CODEVASF\" conforme instruções para utilização da Logomarca da CODEVASF de 22/05/2012. A lona e as ferragens menores da estrutura deverão possuir sacos para acondicionamento após a desmontagem. Todos materiais que compõe o equipamento deverão atender às normas de segurança do corpo de bombeiros. Disponibilizar manual de instruções para a montagem dos equipamentos.","ind.",70,6390,{"$f":"E14*F14","v":447300}]
[6,150905,"Cota para ME/EPP do item 4","und.",1,6390,{"$f":"F15*E15","v":6390}]
[]
["TOTAL",{"$nulls":5},{"$f":"SUM(G10:G15)","v":1993996.25}]
[null,null,"Data: 25/11/2020"]